| 000 | 01585nam a2200409 i 4500 | ||
|---|---|---|---|
| 001 | 193976 | ||
| 003 | SpMaBN | ||
| 005 | 20250515063012.0 | ||
| 008 | 240119s1992 sp | |||| ||spa | ||
| 016 | 7 |
_abimoBNE19920931733 _2SpMaBN |
|
| 017 |
_aM 5353-1992 _bOficina Depósito Legal Madrid |
||
| 020 | _a847880157X | ||
| 035 | _a(OCoLC)433854903 | ||
| 040 |
_aSpMaBN _bspa _cSpMaBN _erdc |
||
| 080 | _a929 Serra, Narcìs | ||
| 080 | _a32(460)"1982/..." | ||
| 100 |
_aPalomo, Graciano _0XX884965 _9235522 _eaut |
||
| 245 | 1 | 3 |
_aEl valido : _b"Operación Sibila": la ascensión de Narcìs Serra a La Moncloa / _cGraciano Palomo. |
| 250 | _a[1ª ed.] | ||
| 260 |
_aMadrid : _bTemas de Hoy, _c1992 |
||
| 300 |
_a397 p., [8] p. de lám. ; _c21 cm |
||
| 336 |
_2rdacontent _atexto |
||
| 337 |
_2rdamedia _asin mediación |
||
| 338 |
_2rdacarrier _avolumen |
||
| 490 | 1 |
_aColección Hombres de hoy ; _v35 |
|
| 504 | _aBibliografía: p. [381]. Índice | ||
| 600 | 1 | 4 |
_aSerra, Narcís, _d1943- _2embne _9105614 |
| 651 | 4 |
_aEspaña- _xPolítica y gobierno- _y1982-1996 _2embne _98449 |
|
| 830 |
_9228811 _aColección Hombres de hoy ; _v35 |
||
| 852 |
_aES-MaACL _bR.154975 _cDEPOJ _jN-9780 _xEncuadernación rústica con solapas _hDonación: José Lázaro García _9205509 |
||
| 903 |
_9234219 _aLázaro García, José _ednr |
||
| 942 |
_cMONOGRAFIA _n0 |
||
| 999 |
_c193976 _d193976 |
||